Elements of analytical geometry (Record no. 780)

MARC details
000 -LEADER
fixed length control field 00491nam a2200169Ia 4500
003 - CONTROL NUMBER IDENTIFIER
control field IN-BaIIA
008 - FIXED-LENGTH DATA ELEMENTS--GENERAL INFORMATION
fixed length control field 211028s9999 xx 000 0 eng d
040 ## - CATALOGING SOURCE
Transcribing agency IIA Library
080 ## - UNIVERSAL DECIMAL CLASSIFICATION NUMBER
Universal Decimal Classification number 514.74
Item number GIB
100 ## - MAIN ENTRY--PERSONAL NAME
Personal name Gibson, George A.
9 (RLIN) 1675
245 #0 - TITLE STATEMENT
Title Elements of analytical geometry
Statement of responsibility, etc. George A . Gibson
260 ## - PUBLICATION, DISTRIBUTION, ETC.
Place of publication, distribution, etc. London
Name of publisher, distributor, etc. Macmillan
Date of publication, distribution, etc. 1929
300 ## - PHYSICAL DESCRIPTION
Extent xxi, 475p.
650 ## - SUBJECT ADDED ENTRY--TOPICAL TERM
Topical term or geographic name entry element Analytical Geometry
9 (RLIN) 1676
650 ## - SUBJECT ADDED ENTRY--TOPICAL TERM
Topical term or geographic name entry element Geometry
9 (RLIN) 1677
942 ## - ADDED ENTRY ELEMENTS (KOHA)
Koha item type Books
Holdings
Withdrawn status Lost status Damaged status Not for loan Home library Current library Shelving location Date acquired Total Checkouts Full call number Barcode Date last seen Price effective from Koha item type
        IIA Library-Bangalore IIA Library-Kodaikanal General Stacks     514.74/ GIB 805 05/11/2021   Books

Powered by Koha